Giáo trình lí thuyết thống kê

Đã lưu trong:
Bibliografiske detaljer
Format: Bog
Sprog:Undetermined
Udgivet: Hà Nội Thống kê 1984
Fag:
Tags: Tilføj Tag
Ingen Tags, Vær først til at tagge denne postø!
Thư viện lưu trữ: Trung tâm Học liệu Trường Đại học Cần Thơ
LEADER 00446nam a2200157Ia 4500
001 CTU_5445
008 210402s9999 xx 000 0 und d
082 |a 310 
082 |b Gi108 
245 0 |a Giáo trình lí thuyết thống kê 
260 |a Hà Nội 
260 |b Thống kê 
260 |c 1984 
650 |a statistics 
904 |i Nguyễn Quang Điền, 960717 
980 |a Trung tâm Học liệu Trường Đại học Cần Thơ